| 000 | 01238nam a2200325 a 4500 | ||
|---|---|---|---|
| 001 | ebr10058891 | ||
| 003 | CaPaEBR | ||
| 006 | m u | ||
| 007 | cr cn||||||||| | ||
| 008 | 940603s1993 caua s 000 0 eng d | ||
| 010 | _z 92054370 | ||
| 020 | _z1560521791 | ||
| 040 |
_aCaPaEBR _cCaPaEBR |
||
| 035 | _a(OCoLC)228064195 | ||
| 050 | 1 | 4 |
_aHF5549.5.E42 _bB76 1993eb |
| 082 | 0 | 4 |
_a658.3/045 _220 |
| 100 | 1 | _aBrounstein, Marty. | |
| 245 | 1 | 0 |
_aHandling the difficult employee _h[electronic resource] : _bsolving performance problems / _cMarty Brounstein. |
| 260 |
_aMenlo Park, Calif. : _bCrisp Publications, _cc1993. |
||
| 300 |
_avii, 76 p. : _bill. |
||
| 490 | 1 | _aA Fifty-Minute series book | |
| 500 | _a"A practical guide for managers"--Cover. | ||
| 533 |
_aElectronic reproduction. _bPalo Alto, Calif. : _cebrary, _d2013. _nAvailable via World Wide Web. _nAccess may be limited to ebrary affiliated libraries. |
||
| 650 | 0 | _aProblem employees. | |
| 650 | 0 | _aPerformance. | |
| 655 | 7 |
_aElectronic books. _2local |
|
| 710 | 2 | _aebrary, Inc. | |
| 830 | 0 | _aFifty-Minute series. | |
| 856 | 4 | 0 |
_uhttp://site.ebrary.com/lib/rucke/Doc?id=10058891 _zAn electronic book accessible through the World Wide Web; click to view |
| 999 |
_c171045 _d171045 |
||